[Event "Brno CEZ Talent"]
[Site "?"]
[Date "2013.08.27"]
[Round "4"]
[White "Sikora, Lukas"]
[Black "Musil, Jiri"]
[Result "0-1"]
[WhiteElo "1954"]
[BlackElo "2092"]
[PlyCount "98"]

1. d4 Nf6 2. c4 e6 3. Nf3 b6 4. g3 Ba6 5. b3 Bb4+ 6. Bd2 Be7 7. Bg2 c6 8. Bc3
d5 9. Ne5 Nfd7 10. Nxd7 Nxd7 11. Nd2 O-O 12. e4 Rc8 13. O-O b5 14. Re1 bxc4 15.
bxc4 dxc4 16. Qa4 Bb5 17. Qxa7 Ra8 18. Qb7 Ra3 19. Nb1 Ra4 20. e5 Nb8 21. Be4
f5 22. Bc2 Ra6 23. a4 Rb6 24. Qa7 Ra6 25. Qb7 Rf7 26. axb5 Rxa1 27. Bxa1 Bb4
28. Qa8 Bxe1 29. bxc6 Qb6 30. Qa2 Qxc6 31. Nc3 Qf3 32. Bd1 Qc6 33. Ba4 Qf3 34.
Bd1 Qd3 35. Be2 Qxd4 36. Bxc4 Ra7 37. Bxe6+ Kh8 38. Qb2 Qxe5 39. Qb6 Qc7 40.
Qb5 Qd8 41. Bb2 Re7 42. Qxf5 Qe8 43. Nd5 Rxe6 44. Nc7 Bxf2+ 45. Qxf2 Re1+ 46.
Kg2 Qe2 47. Bd4 Nd7 48. h4 Ne5 49. Ne6 Qe4+ 0-1

[Event "Brno CEZ Talent"]
[Site "?"]
[Date "2013.08.27"]
[Round "4"]
[White "Dvorak, Adam"]
[Black "Zeman, Radek"]
[Result "1/2-1/2"]
[WhiteElo "2088"]
[BlackElo "1895"]
[PlyCount "57"]

1. d4 Nf6 2. c4 g6 3. Nc3 d5 4. e3 Bg7 5. Nf3 O-O 6. cxd5 Nxd5 7. Bc4 Nxc3 8.
bxc3 c5 9. Bb2 Nc6 10. O-O cxd4 11. cxd4 Bf5 12. Qe2 Be4 13. Rfd1 e6 14. Rac1
Qe7 15. Nd2 Bd5 16. e4 Bxc4 17. Nxc4 Rfd8 18. Qe3 Rd7 19. e5 Qh4 20. g3 Qh5 21.
Ba3 Bf8 22. Bxf8 Rxf8 23. Nd6 Ne7 24. Qa3 b6 25. Qa4 Rfd8 26. Re1 Qf3 27. Re4
Nd5 28. Rce1 f5 29. Rh4 {(R)} 1/2-1/2

[Event "Brno CEZ Talent"]
[Site "?"]
[Date "2013.08.27"]
[Round "4"]
[White "Paulik, Martin"]
[Black "Lakatos, Tomas"]
[Result "1-0"]
[WhiteElo "1875"]
[BlackElo "2087"]
[PlyCount "103"]

1. c4 Nf6 2. Nc3 d6 3. g3 g6 4. Bg2 Bg7 5. Nf3 c6 6. O-O O-O 7. d4 Nbd7 8. e4
e5 9. Bg5 Qe7 10. d5 h6 11. Be3 Ng4 12. Qd2 Nxe3 13. Qxe3 Nb6 14. Nd2 cxd5 15.
Nxd5 Nxd5 16. exd5 b6 17. b4 Ba6 18. Rfe1 f5 19. Rac1 Rac8 20. Qa3 Bb7 21. Qxa7
Ra8 22. Qxb6 Rxa2 23. c5 Rxd2 24. cxd6 Qf6 25. Qxb7 e4 26. Rcd1 Rxd1 27. Rxd1
Qxd6 28. b5 Rb8 29. Qc6 Be5 30. f4 Qxc6 31. dxc6 Bc7 32. Rd7 Rc8 33. Kf2 Bb6+
34. Ke2 Rc7 35. Rd6 Kf7 36. g4 Bc5 37. Rd5 Bg1 38. gxf5 Bxh2 39. fxg6+ Kxg6 40.
Bxe4+ Kf6 41. Kf3 Bg1 42. Rd6+ Ke7 43. Rxh6 Bd4 44. Rh5 Bb6 45. Rd5 Ke6 46. f5+
Kf6 47. Kf4 Rc8 48. Rd6+ Ke7 49. Re6+ Kf7 50. Bd5 Rd8 51. Ke4 Ba5 52. b6 1-0

[Event "Brno CEZ Talent"]
[Site "?"]
[Date "2013.08.27"]
[Round "4"]
[White "Hlavinka, Zdenek"]
[Black "Majer, Jiri"]
[Result "0-1"]
[WhiteElo "1951"]
[BlackElo "2044"]
[PlyCount "54"]

1. e4 c6 2. d4 d5 3. exd5 cxd5 4. Bd3 Nc6 5. c3 Qc7 6. Nf3 Bg4 7. Bg5 e6 8.
Nbd2 Bd6 9. Qa4 f6 10. Bh4 Nge7 11. Bg3 O-O 12. O-O Bf5 13. Bxd6 Qxd6 14. Qc2
Rac8 15. Bxf5 Nxf5 16. Qd3 Qf4 17. Rfe1 Rfe8 18. Re2 Re7 19. Rae1 Rce8 20. Nb3
Nd6 21. Nc5 Nd8 22. Qd1 b6 23. Nd3 Qf5 24. Qd2 Nc4 25. Qd1 Nc6 26. b3 Nd6 27.
Nd2 Qxd3 0-1

[Event "Brno CEZ Talent"]
[Site "?"]
[Date "2013.08.27"]
[Round "4"]
[White "Kaplan, Milan"]
[Black "Dirgas, Josef"]
[Result "0-1"]
[WhiteElo "1000"]
[BlackElo "2024"]
[PlyCount "92"]

1. e4 e5 2. Nf3 Nc6 3. Bb5 a6 4. Ba4 Nf6 5. O-O Be7 6. Re1 b5 7. Bb3 d6 8. h3
O-O 9. c3 Nb8 10. d4 Nbd7 11. Nbd2 Bb7 12. Nh2 c5 13. dxe5 dxe5 14. c4 Qc7 15.
Qe2 Rfd8 16. Bc2 b4 17. Ndf1 Nf8 18. f3 Ne6 19. Ne3 Nd4 20. Qf2 a5 21. Ba4 Ba6
22. Nhg4 Nd7 23. Nd5 Qd6 24. Bxd7 Rxd7 25. Nge3 Bg5 26. b3 Bxe3 27. Bxe3 a4 28.
Bxd4 exd4 29. e5 Qc6 30. Qg3 Rda7 31. Re4 Bc8 32. Kh2 Be6 33. Nf6+ Kh8 34. Nh5
Rg8 35. Rb1 Bf5 36. Rbe1 Bxe4 37. Rxe4 axb3 38. axb3 Ra3 39. Rg4 Raa8 40. Nxg7
d3 41. e6 f6 42. Nf5 d2 43. Ne7 Rxg4 44. Qxg4 Qd6+ 45. f4 d1=Q 46. Ng6+ hxg6
0-1

[Event "Brno CEZ Talent"]
[Site "?"]
[Date "2013.08.27"]
[Round "4"]
[White "Zitny, Petr"]
[Black "Fiala, Vaclav"]
[Result "0-1"]
[WhiteElo "1877"]
[BlackElo "2192"]
[PlyCount "100"]

1. e4 c5 2. Nf3 d6 3. d4 cxd4 4. Nxd4 Nf6 5. Nc3 a6 6. Bc4 e6 7. Bb3 Nbd7 8.
Bxe6 fxe6 9. Nxe6 Qa5 10. Bd2 Qb6 11. Nd5 Nxd5 12. exd5 Nf6 13. O-O Bxe6 14.
Qe2 Be7 15. Qxe6 Qc7 16. Rfe1 Qd7 17. Qe2 Kf7 18. a4 Rhe8 19. Qf3 Qg4 20. Qd3
Rac8 21. b3 Qg6 22. Qh3 Rxc2 23. Bc3 Nxd5 24. Qf3+ Nf6 25. Re3 Qh5 26. Qxb7 Qd5
27. Qb4 Bd8 28. Rxe8 Nxe8 29. Re1 Bf6 30. Qb8 Qc6 31. Qa7+ Qc7 32. Qa8 Qd7 33.
Bxf6 Nxf6 34. Qxa6 d5 35. Qd3 Qc6 36. Qe3 Qd6 37. Qa7+ Rc7 38. Qe3 d4 39. Qd3
Rc3 40. Qd2 Rxb3 41. h3 Ra3 42. Qc2 d3 43. Qc4+ Kg6 44. f4 Qd5 45. f5+ Qxf5 46.
Rf1 Qe5 47. Qc1 Rxa4 48. Qd1 Qe4 49. Qb3 Qe3+ 50. Kh2 Rf4 0-1

[Event "Brno CEZ Talent"]
[Site "?"]
[Date "2013.08.27"]
[Round "4"]
[White "Blahynka, Martin"]
[Black "Kosina, Vladimir"]
[Result "1-0"]
[WhiteElo "2166"]
[BlackElo "1773"]
[PlyCount "87"]

1. e4 c6 2. d4 d5 3. Nc3 dxe4 4. Nxe4 Bf5 5. Ng3 Bg6 6. h4 h6 7. h5 Bh7 8. Nf3
Nd7 9. Bd3 Ngf6 10. Bxh7 Nxh7 11. Bf4 Nhf6 12. Qe2 e6 13. O-O-O Qa5 14. Kb1 Nd5
15. Bd2 Qc7 16. c4 N5f6 17. Bc3 Be7 18. d5 cxd5 19. cxd5 Nxd5 20. Rxd5 exd5 21.
Nf5 Nf6 22. Bxf6 gxf6 23. Re1 Kf8 24. Qxe7+ Qxe7 25. Rxe7 Rg8 26. g3 d4 27.
Rxb7 d3 28. Kc1 Rg4 29. Kd2 Ra4 30. a3 Rd8 31. Ne1 Ra5 32. g4 Rad5 33. Nxh6
R8d7 34. Rxd7 Rxd7 35. Nf5 Rb7 36. Nxd3 a5 37. b4 axb4 38. axb4 Rb8 39. Kc3 Ke8
40. Nc5 Ra8 41. b5 Ra2 42. b6 Kd8 43. Nd6 Rxf2 44. b7 1-0

[Event "Brno CEZ Talent"]
[Site "?"]
[Date "2013.08.27"]
[Round "4"]
[White "Veznik, Michael"]
[Black "Sladek, Vladislav"]
[Result "1-0"]
[WhiteElo "1876"]
[BlackElo "2024"]
[PlyCount "103"]

1. Nf3 d5 2. b4 Bg4 3. Ne5 Bh5 4. d4 Nd7 5. Nd3 Ngf6 6. g3 e6 7. Bg2 Bd6 8. Bf4
O-O 9. O-O Qe7 10. Nd2 c6 11. Nf3 Bxf3 12. exf3 Nb6 13. Bxd6 Qxd6 14. Qe1 Nc4
15. Ne5 Rfe8 16. f4 Nd7 17. Qc3 Ndb6 18. a4 a5 19. Rfb1 Nxe5 20. fxe5 Qc7 21.
Bf1 Reb8 22. b5 Nd7 23. Qb3 f6 24. exf6 Nxf6 25. Re1 Re8 26. c4 Qf7 27. Ra2 h5
28. Bd3 g6 29. Rae2 Kg7 30. Qc2 Rac8 31. c5 Re7 32. Re5 Rg8 33. Rg5 Kh6 34. Qd2
Kh7 35. Ree5 Kh8 36. Qxa5 Ng4 37. Qd2 Nxe5 38. Rxh5+ gxh5 39. Qh6+ Qh7 40. Bxh7
Nf3+ 41. Kh1 Rxh7 42. Qf6+ Rgg7 43. Qf8+ Rg8 44. Qxf3 h4 45. Qf6+ Rgg7 46. Qxe6
h3 47. Kg1 Re7 48. Qf6+ Kg8 49. Kf1 Re4 50. bxc6 bxc6 51. Qxc6 Rhe7 52. Qxd5+
1-0

[Event "Brno CEZ Talent"]
[Site "?"]
[Date "2013.08.27"]
[Round "4"]
[White "Martisek, Karel"]
[Black "Hosek, Martin"]
[Result "1/2-1/2"]
[WhiteElo "1872"]
[BlackElo "2008"]
[PlyCount "49"]

1. e4 c5 2. Nf3 d6 3. d4 cxd4 4. Nxd4 Nf6 5. Bd3 e6 6. Nc3 Be7 7. O-O a6 8. Qe2
Qc7 9. Re1 O-O 10. Bd2 Nc6 11. Nxc6 bxc6 12. Bf4 e5 13. Bg5 a5 14. a4 Rb8 15.
b3 Be6 16. Rad1 Kh8 17. Kh1 Ne8 18. Bxe7 Qxe7 19. Qe3 f5 20. exf5 Bxf5 21. Bxf5
Rxf5 22. f4 Nf6 23. Qd3 Rxf4 24. Qxd6 Qxd6 25. Rxd6 {(R)} 1/2-1/2

[Event "Brno CEZ Talent"]
[Site "?"]
[Date "2013.08.27"]
[Round "4"]
[White "Zeman, Arnost"]
[Black "Martirosyan, Ara"]
[Result "1-0"]
[WhiteElo "2002"]
[BlackElo "1610"]
[PlyCount "107"]

1. d4 Nf6 2. Nf3 g6 3. Bf4 Bg7 4. Nc3 d6 5. Qd2 Nbd7 6. e4 c5 7. Bh6 O-O 8.
Bxg7 Kxg7 9. O-O-O cxd4 10. Nxd4 Nc5 11. f3 Bd7 12. g4 Rc8 13. h4 h5 14. g5 Ne8
15. f4 Bg4 16. Be2 Bxe2 17. Ndxe2 Rc6 18. f5 Ra6 19. Kb1 Qa5 20. Qd4+ Kg8 21.
Nc1 e5 22. Qc4 d5 23. Nxd5 Nd6 24. Nf6+ Kg7 25. Qd5 Ncxe4 26. Nxe4 Qxd5 27. f6+
Kg8 28. Rxd5 Nxe4 29. Rxe5 Ng3 30. Rh3 Nf5 31. b3 Rd6 32. Re4 Rd1 33. Kb2 Nd6
34. Ra4 a6 35. Rd3 Rxd3 36. Nxd3 Re8 37. Rd4 Nf5 38. Rf4 b6 39. a4 a5 40. b4
Rc8 {(R)} 41. Ne5 Ne3 42. c4 axb4 43. Kb3 Ng2 44. Rd4 Ne3 45. Re4 Ng2 46. Nd7
b5 47. axb5 Rd8 48. Nc5 Rd1 49. Kxb4 Rh1 50. b6 Rb1+ 51. Nb3 Rd1 52. c5 Rd8 53.
c6 Rb8 54. b7 1-0

[Event "Brno CEZ Talent"]
[Site "?"]
[Date "2013.08.27"]
[Round "4"]
[White "Turza, Pavel"]
[Black "Benes, Miroslav"]
[Result "0-1"]
[WhiteElo "1774"]
[BlackElo "1998"]
[PlyCount "110"]

1. d4 Nf6 2. Nf3 c5 3. c3 b6 4. Bf4 Bb7 5. e3 e6 6. Nbd2 Be7 7. Qc2 d6 8. Bg3
Nbd7 9. Rd1 Rc8 10. Be2 O-O 11. e4 cxd4 12. Nxd4 a6 13. Bf3 Ne5 14. Bxe5 dxe5
15. Ne2 Qc7 16. Ng3 b5 17. Qd3 Bc5 18. Qe2 Ba7 19. O-O Qb6 20. Rc1 Rfd8 21.
Rfd1 Rc7 22. Ndf1 Rcd7 23. Ne3 Qa5 24. a3 Qa4 25. Rxd7 Rxd7 26. Ng4 Nxg4 27.
Bxg4 Qa5 28. Rd1 Rxd1+ 29. Qxd1 Qb6 30. Qd2 g6 31. Bf3 Kg7 32. Nf1 Qc7 33. Qd3
Qe7 34. Nd2 Qc5 35. Qe2 a5 36. Nf1 Ba6 37. Ne3 Qb6 38. Qd2 h5 39. h4 Qc7 40.
Qe2 Qd6 41. Qd1 Qe7 42. g3 Bxe3 43. fxe3 b4 44. axb4 axb4 45. Qd2 b3 46. Bd1
Qb7 47. Qd6 Qb5 48. c4 Qxc4 49. Qxe5+ Kh7 50. Qf4 e5 51. Qf6 Bc8 52. Qxe5 Qc1
53. Qd5 Be6 54. Qd4 Bg4 55. Qd5 Qxd1+ 0-1

[Event "Brno CEZ Talent"]
[Site "?"]
[Date "2013.08.27"]
[Round "4"]
[White "Hradsky, Ales"]
[Black "Novak, Vitezslav"]
[Result "1/2-1/2"]
[WhiteElo "1768"]
[BlackElo "1970"]
[PlyCount "60"]

1. e4 e6 2. Nf3 d5 3. e5 c5 4. b4 cxb4 5. a3 Nc6 6. d4 a6 7. Bd3 Bd7 8. O-O Qb6
9. axb4 Bxb4 10. c3 Be7 11. Ba3 Nh6 12. Bxe7 Nxe7 13. Na3 O-O 14. Ng5 g6 15. h4
f6 16. exf6 Rxf6 17. h5 Raf8 18. Qd2 Nf7 19. f4 Nxg5 20. fxg5 Rxf1+ 21. Rxf1
Rxf1+ 22. Kxf1 Qd6 23. Nc2 Nf5 24. h6 Qh2 25. Ne1 Ng3+ 26. Kf2 Qh4 27. Kg1 Ne4
28. Bxe4 Qxe4 29. Nf3 Bb5 30. Qb2 Qe3+ 1/2-1/2

[Event "Brno CEZ Talent"]
[Site "?"]
[Date "2013.08.27"]
[Round "4"]
[White "Licka, Vlastimil"]
[Black "Hrdlicka, Vladan"]
[Result "1-0"]
[WhiteElo "1959"]
[BlackElo "1686"]
[PlyCount "131"]

1. e4 e5 2. Nf3 Nc6 3. Bb5 a6 4. Ba4 Nf6 5. Bxc6 dxc6 6. d3 Qd6 7. h3 Be6 8.
Nbd2 c5 9. Ng5 O-O-O 10. Qe2 h6 11. Nxe6 Qxe6 12. a4 g5 13. Nc4 Be7 14. Bd2
Rhg8 15. Bc3 Nd7 16. g4 Bd6 17. Ne3 Nb8 18. Nf5 Nc6 19. h4 Nd4 20. Bxd4 cxd4
21. f3 Bb4+ 22. Kf2 gxh4 23. Rxh4 Rg6 24. Rah1 Bf8 25. Qd2 Qa2 26. Qc1 Rc6 27.
Kg3 Qxa4 28. R1h2 Qa5 29. Rh5 Kb8 30. Nxh6 Bb4 31. Nxf7 Be1+ 32. Kh3 Re8 33.
Nh6 Rh8 34. Nf5 Rf8 35. Re2 Bb4 36. Nxd4 Rg6 37. Nf5 Qb6 38. c3 Bd6 39. Qe3 Qb5
40. d4 Rgf6 41. Rh6 R6f7 42. Rf2 exd4 43. cxd4 Bb4 44. Qe2 Qd7 45. Qc4 a5 46.
Rh2 Qa4 47. Qc2 Qb5 48. Qe2 Qd7 49. Kg2 Bd6 50. R2h3 Bf4 51. Rh8 Qd8 52. Rxf8
Rxf8 53. d5 a4 54. Qb5 Qf6 55. Qb4 Bc1 56. Nd4 Rg8 57. Nc6+ Kc8 58. Ne7+ Kb8
59. Nxg8 Qa6 60. Qf8+ Ka7 61. Qc5+ Kb8 62. Qxc1 Qe2+ 63. Kg3 b5 64. Ne7 c5 65.
dxc6 Kc7 66. Nd5+ 1-0

[Event "Brno CEZ Talent"]
[Site "?"]
[Date "2013.08.27"]
[Round "4"]
[White "Nehyba, Martin"]
[Black "Kubat, Pavel"]
[Result "0-1"]
[WhiteElo "1566"]
[BlackElo "1942"]
[PlyCount "66"]

1. e4 c5 2. Nf3 e6 3. d4 cxd4 4. Nxd4 Nc6 5. c3 a6 6. Be3 Nf6 7. Bd3 d6 8. Nd2
Qc7 9. Qc2 Bd7 10. N2f3 Be7 11. h3 h6 12. a3 d5 13. Nxc6 Bxc6 14. Nd2 O-O 15.
f4 dxe4 16. Nxe4 Nxe4 17. Bxe4 Bh4+ 18. Ke2 Rad8 19. Rad1 f5 20. Bxc6 Qxc6 21.
Kf1 Qc4+ 22. Kg1 Qe4 23. Rd3 Rxd3 24. Bf2 Bxf2+ 25. Kxf2 Qxf4+ 26. Kg1 Rd2 27.
Qxd2 Qxd2 28. b4 Qxc3 29. Kh2 Qe5+ 30. Kg1 Rc8 31. Kf2 Rc2+ 32. Kf3 Qe2+ 33.
Kf4 g5+ 0-1

[Event "Brno CEZ Talent"]
[Site "?"]
[Date "2013.08.27"]
[Round "4"]
[White "Richterova, Julie"]
[Black "Kopecek, Ivan"]
[Result "0-1"]
[WhiteElo "1437"]
[BlackElo "1933"]
[PlyCount "50"]

1. d4 f5 2. c4 Nf6 3. Nc3 g6 4. Nf3 Bg7 5. Bg5 O-O 6. e3 d6 7. Bd3 Nc6 8. e4
fxe4 9. Nxe4 Bg4 10. Nxf6+ exf6 11. Be3 f5 12. c5 d5 13. O-O f4 14. Bd2 Nxd4
15. Be2 Nxe2+ 16. Qxe2 b6 17. cxb6 axb6 18. Bc1 c5 19. Rd1 d4 20. Qc4+ Kh8 21.
Rd3 Qd7 22. Nd2 Be6 23. Qc2 Bf5 24. Qb3 Bxd3 25. Qxd3 Rae8 0-1

[Event "Brno CEZ Talent"]
[Site "?"]
[Date "2013.08.27"]
[Round "4"]
[White "Eichler, Bretislav"]
[Black "Blazek, Pavel"]
[Result "1-0"]
[WhiteElo "1701"]
[BlackElo "1820"]
[PlyCount "70"]

1. d4 d5 2. Nf3 Bf5 3. Bf4 e6 4. c3 c6 5. Nbd2 Nd7 6. e3 Ngf6 7. h3 h6 8. Be2
Ne4 9. O-O Ndf6 10. Be5 Nd7 11. Bh2 Ndf6 12. Qb3 Nxd2 13. Nxd2 b6 14. Qa4 b5
15. Qa6 Qb6 16. Qxb6 axb6 17. Bc7 Nd7 18. a3 Be7 19. f3 O-O 20. e4 Bh7 21. Bd3
Bg5 22. Nb3 Rfc8 23. Bd6 Bh4 24. Rad1 Nf6 25. Be7 Re8 26. Bxf6 Bxf6 27. e5 Bh4
28. Kh2 Bxd3 29. Rxd3 Rec8 30. g3 Be7 31. f4 f5 32. exf6 Bxf6 33. Re3 Re8 34.
Rfe1 Kf8 35. Nd2 c5 {Diagram # (A nyní mají oba hráèi v partiáøi zapsáno 36.
Vxe8+ Vxe8 37.Vxe8+ Kxe8 38.Jf3 Kd7 39.h4 Kd6 a 1-0 v 68. tahu. Vskutku
záhada! JK)} 1-0

[Event "Brno CEZ Talent"]
[Site "?"]
[Date "2013.08.27"]
[Round "4"]
[White "Zikan, Karel"]
[Black "Navratilova, Alena"]
[Result "1/2-1/2"]
[WhiteElo "1795"]
[BlackElo "1684"]
[PlyCount "110"]

1. c4 c5 2. Nc3 Nc6 3. Nf3 Nf6 4. d4 cxd4 5. Nxd4 Nxd4 6. Qxd4 d6 7. g3 Bd7 8.
Bg2 Bc6 9. Nd5 Nxd5 10. cxd5 Bd7 11. O-O Qb6 12. Qxb6 axb6 13. Be3 g6 14. Bd4
f6 15. Bxb6 Bh6 16. e3 O-O 17. Rfc1 Rfc8 18. a3 Bg7 19. Bd4 b5 20. Bc3 Rc5 21.
Bb4 Rcc8 22. Rxc8+ Rxc8 23. Bc3 f5 24. Rc1 Rc5 25. Kf1 Be8 26. Ke2 Bf7 27. h4
Bxd5 28. Bxd5+ Rxd5 29. Bxg7 Kxg7 30. Rc3 Kf6 31. Rd3 Rc5 32. Kd2 Ke5 33. f3 d5
34. Rc3 Kd6 35. f4 Rc4 36. b3 Re4 37. Rc8 h5 38. Kd3 e5 39. Rg8 d4 40. Rxg6+
Kd5 41. exd4 exf4 42. gxf4 Rxf4 43. Rg5 Rxd4+ 44. Kc3 Rxh4 45. Rxf5+ Kc6 46.
Rf6+ Kb7 47. Rd6 Rg4 48. Rd4 Rg5 49. Rb4 Kc6 50. Kd3 Rg3+ 51. Ke2 Kc5 52. Kf2
Rg4 53. Rxg4 hxg4 54. Kg3 Kd4 55. a4 bxa4 1/2-1/2

[Event "Brno CEZ Talent"]
[Site "?"]
[Date "2013.08.27"]
[Round "4"]
[White "von Keyserlingk, Chanda"]
[Black "Tocev, Dosi"]
[Result "1/2-1/2"]
[WhiteElo "1673"]
[BlackElo "1775"]
[PlyCount "69"]

1. d4 d5 2. c4 c6 3. cxd5 cxd5 4. Nc3 Nf6 5. Nf3 Nc6 6. e3 Bg4 7. Be2 e6 8. O-O
Be7 9. Bd2 O-O 10. Rc1 Rc8 11. Ne1 Bxe2 12. Qxe2 a6 13. Nd3 Bd6 14. Rfd1 Re8
15. f4 Nd7 16. Be1 Be7 17. Qf3 Bh4 18. Ne2 Bxe1 19. Rxe1 Qa5 20. a3 Qb5 21.
Red1 Na5 22. Nc3 Qb6 23. Na4 Qb5 24. Nc3 Qb3 25. Rb1 Nc4 26. Qe2 Nxa3 27. bxa3
Qxc3 28. Rxb7 Qc6 29. Rdb1 Rb8 30. Rxb8 Rxb8 31. Rxb8+ Nxb8 32. Qb2 Qc7 33. Qb4
g6 34. Nc5 {(R)} a5 35. Qb5 1/2-1/2

[Event "Brno CEZ Talent"]
[Site "?"]
[Date "2013.08.27"]
[Round "4"]
[White "Doskar, Miloslav"]
[Black "Sojka, Oldrich"]
[Result "1-0"]
[WhiteElo "1739"]
[BlackElo "1639"]
[PlyCount "109"]

1. d4 d5 2. c4 Bf5 3. Nc3 e6 4. e3 Nf6 5. Nf3 Nc6 6. a3 a6 7. Nh4 Ne7 8. Nxf5
Nxf5 9. Bd3 dxc4 10. Bxc4 Nd6 11. Bd3 Nd5 12. e4 Nxc3 13. bxc3 Be7 14. O-O Qd7
15. a4 h6 16. Qf3 c6 17. Be3 Qd8 18. Qg4 Bg5 19. f4 Bf6 20. e5 Nf5 21. Bxf5
exf5 22. Qxf5 Be7 23. Qg4 Bf8 24. f5 Qe7 25. Bd2 O-O-O 26. Rf3 Kb8 27. c4 Qd7
28. Bc3 g6 29. Qe4 gxf5 30. Qxf5 Qxf5 31. Rxf5 Rh7 32. Raf1 Be7 33. Rxf7 Rxf7
34. Rxf7 Bg5 35. Kf2 b5 36. axb5 cxb5 37. cxb5 axb5 38. Rf3 b4 39. Bb2 Rd7 40.
Rd3 Rc7 41. Rb3 Rc2+ 42. Kf3 Be7 43. h3 Kc7 44. d5 Bc5 45. d6+ Kd7 46. g4 Ke6
47. Ke4 Rc4+ 48. Kd3 Rf4 49. Kc2 Rc4+ 50. Kb1 Re4 51. Rf3 Be3 52. Rf6+ Kd7 53.
Rf7+ Kd8 54. e6 Bd4 55. Rf8# 1-0

[Event "Brno CEZ Talent"]
[Site "?"]
[Date "2013.08.27"]
[Round "4"]
[White "Lisik, Miroslav"]
[Black "Effenberger, Adam"]
[Result "0-1"]
[WhiteElo "1667"]
[BlackElo "1700"]
[PlyCount "116"]

1. e4 e5 2. Nf3 Nc6 3. Bc4 Nd4 4. c3 Nxf3+ 5. Qxf3 Qf6 6. Qe2 c6 7. d3 b5 8.
Bb3 Bc5 9. Be3 Bb6 10. Nd2 d6 11. Nf3 Be6 12. O-O Ne7 13. d4 Bxb3 14. axb3 O-O
15. Rfd1 exd4 16. cxd4 Qe6 17. b4 Qxe4 18. Ng5 Qg6 19. Rac1 Rfe8 20. Qf3 Nf5
21. Nh3 d5 22. Nf4 Qd6 23. Ne2 Nxe3 24. fxe3 Re6 25. Nf4 Rf6 26. Qe2 Bc7 27. g3
Re8 28. Qd2 Qe7 29. Re1 Bxf4 30. exf4 Re6 31. Rxe6 Qxe6 32. Kf2 Kf8 33. Re1 Qg6
34. Rxe8+ Kxe8 35. Qc3 Qd6 36. Qa3 Qc7 37. Qc3 Kd7 38. Kf3 Kc8 39. Qa3 Kb7 40.
Qc3 Qe7 41. Qd2 Qe4+ 42. Kg4 h6 43. Kh3 f5 44. Qd1 g5 45. fxg5 hxg5 46. Qd2 f4
47. gxf4 gxf4 48. Qf2 Kb6 49. Kg4 f3+ 50. Kg3 a5 51. bxa5+ Kxa5 52. Qxf3 Qxd4
53. Qa3+ Kb6 54. b4 Qg1+ 55. Kh3 d4 56. Qb3 Qe3+ 57. Qxe3 dxe3 58. Kg3 c5 0-1

[Event "Brno CEZ Talent"]
[Site "?"]
[Date "2013.08.27"]
[Round "4"]
[White "Koci, Tereza"]
[Black "Kandalec, Stefan"]
[Result "1-0"]
[WhiteElo "1426"]
[BlackElo "1843"]
[PlyCount "109"]

1. c4 e5 2. e4 Nf6 3. Nc3 Be7 4. d3 O-O 5. g3 d6 6. h3 Be6 7. Bg2 Nbd7 8. Nge2
h6 9. O-O Nh7 10. f4 exf4 11. Nxf4 c6 12. Kh2 Bg5 13. Nxe6 fxe6 14. Rxf8+ Qxf8
15. Bxg5 Nxg5 16. Qf1 Qe7 17. Qe2 Rf8 18. Rf1 Rxf1 19. Qxf1 Ne5 20. d4 Nd7 21.
b3 a6 22. a4 Qf7 23. Qxf7+ Kxf7 24. h4 Nh7 25. Bf3 e5 26. d5 Nc5 27. b4 Nd3 28.
b5 cxb5 29. axb5 axb5 30. Nxb5 Ke7 31. Kg1 Nf6 32. Kf1 Kd7 33. Ke2 Nb2 34. Na3
Kc7 35. Kd2 Kb6 36. Kc2 Na4 37. Nb5 Kc5 38. Kd3 {(R)} Nb2+ 39. Kc3 Nxc4 40. Nc7
Kb6 41. Ne6 Na3 42. Nxg7 Nb5+ 43. Kd3 Nd4 44. Bd1 Kc7 45. g4 b5 46. g5 hxg5 47.
hxg5 Ng8 48. Nf5 Nxf5 49. exf5 Ne7 50. Ke4 Kd8 51. Bh5 b4 52. f6 Nc8 53. g6 b3
54. g7 Ne7 55. fxe7+ 1-0

[Event "Brno CEZ Talent"]
[Site "?"]
[Date "2013.08.27"]
[Round "4"]
[White "Prokop, Jiri"]
[Black "Zuziak, Petr"]
[Result "1-0"]
[WhiteElo "1758"]
[BlackElo "1713"]
[PlyCount "115"]

1. f4 g6 2. Nf3 Bg7 3. d4 c6 4. e3 Nf6 5. Bd3 d5 6. Ne5 Ne4 7. Nd2 f6 8. Nef3
Nxd2 9. Qxd2 O-O 10. O-O Bg4 11. h3 Bxf3 12. Rxf3 f5 13. g4 e6 14. Qg2 Nd7 15.
g5 c5 16. c3 a6 17. h4 b5 18. Bd2 c4 19. Be2 Nb6 20. Raf1 a5 21. h5 Re8 22.
hxg6 hxg6 23. Rh3 Kf7 24. Kf2 Qe7 25. Rh7 Rh8 26. Rfh1 Rxh7 27. Rxh7 Rh8 28.
Qh3 Qf8 29. Qh6 Rxh7 30. Qxh7 Qg8 31. Qxg8+ Kxg8 32. Bd1 Bf8 33. a3 Kf7 34. Ke2
Ke8 35. Bc2 Nc8 36. Kd1 Na7 37. Kc1 Nc6 38. Kb1 Kd8 39. Ka2 b4 40. b3 a4 41.
cxb4 axb3+ 42. Bxb3 cxb3+ 43. Kxb3 Na7 44. a4 Kc7 45. b5 Nc8 46. a5 Kb7 47. Ka4
Bd6 48. Bc3 Bc7 49. Bb4 Bd6 50. Bc5 Bc7 51. Kb4 Nd6 52. a6+ Ka8 53. b6 Bxb6 54.
Bxd6 Ka7 55. Kb5 Bd8 56. Bc5+ Ka8 57. Bb4 Ka7 58. Kc6 1-0

[Event "Brno CEZ Talent"]
[Site "?"]
[Date "2013.08.27"]
[Round "4"]
[White "Kuchynka, Lubos"]
[Black "Kratochvil, Karel"]
[Result "0-1"]
[WhiteElo "2038"]
[BlackElo "2233"]
[PlyCount "52"]

1. d4 Nf6 2. c4 c5 3. d5 b5 4. cxb5 a6 5. bxa6 Bxa6 6. Nc3 g6 7. Nf3 d6 8. g3
Bg7 9. Bg2 O-O 10. O-O Nbd7 11. Rb1 Ng4 12. h3 Nge5 13. Nxe5 Nxe5 14. Qc2 Qa5
15. Bd2 Nc4 16. Rfd1 Nxd2 17. Qxd2 Rfb8 18. Rdc1 Ra7 19. b3 Bxe2 20. Qxe2 Bxc3
21. Qc2 Be5 22. a4 e6 23. Kh2 Rb4 24. Re1 exd5 25. Bxd5 Rd4 26. Rbd1 Rxd5 0-1

[Event "Brno CEZ Talent"]
[Site "?"]
[Date "2013.08.28"]
[Round "5"]
[White "Bernasek, Jan"]
[Black "Skliba, Martin"]
[Result "1-0"]
[WhiteElo "2535"]
[BlackElo "2271"]
[PlyCount "145"]

1. d4 Nf6 2. c4 g6 3. Nc3 d5 4. Bg5 Ne4 5. Bh4 Nxc3 6. bxc3 dxc4 7. e3 Be6 8.
Nf3 Bg7 9. Rb1 O-O 10. Rxb7 Bd5 11. Rb2 c5 12. Qa4 cxd4 13. exd4 Bxf3 14. gxf3
Bxd4 15. Qxc4 Bg7 16. Bh3 Nc6 17. O-O Ne5 18. Qe2 Qc7 19. Rb3 Rab8 20. Rfb1
Rxb3 21. Rxb3 Rd8 22. Bg3 a6 23. Bf1 h5 24. f4 Rd2 25. Qe4 Qc6 26. Rb8+ Kh7 27.
Qxc6 Nxc6 28. Rb6 Na5 29. Rxa6 Bxc3 30. a4 Nb3 31. Bc4 Nc5 32. Rc6 Nxa4 33.
Bxf7 Bf6 34. f5 gxf5 35. Bxh5 Nc3 36. Rc5 Nd5 37. Bf3 e6 38. Rc6 f4 39. Bxd5
fxg3 40. Be4+ Kg7 41. Rc7+ Kf8 42. fxg3 Bd4+ 43. Kh1 Rf2 44. Rd7 e5 45. h4 Re2
46. Bd5 e4 47. Bc4 Rd2 48. Rf7+ Ke8 49. Rf4 e3 50. h5 Ke7 51. Re4+ Kd6 52. h6
Kc5 53. h7 Bh8 54. Bf1 Rf2 55. Kg1 Rf8 56. Rh4 Rf3 57. Rg4 Rf7 58. Rh4 Rf3 59.
Rc4+ Kd5 60. Rg4 Kd6 61. Rg8 Be5 62. Be2 Rf2 63. Re8 Bg7 64. Rxe3 Rf8 65. Kg2
Bd4 66. Rd3 Ke5 67. Bh5 Bb2 68. Rf3 Rh8 69. Bg6 Ke6 70. Bd3 Bf6 71. Bc4+ Ke7
72. Bg8 Bd4 73. Kh3 1-0

[Event "Brno CEZ Talent"]
[Site "?"]
[Date "2013.08.28"]
[Round "5"]
[White "Zwardon, Vojtech"]
[Black "Polak, Tomas"]
[Result "1/2-1/2"]
[WhiteElo "2384"]
[BlackElo "2492"]
[PlyCount "147"]

1. e4 c5 2. Nf3 d6 3. d4 cxd4 4. Nxd4 Nf6 5. Nc3 a6 6. h3 g6 7. Be3 Bg7 8. Be2
Nc6 9. O-O O-O 10. f4 Bd7 11. Bf3 Qc7 12. Nd5 Nxd5 13. exd5 Nxd4 14. Bxd4 Bxd4+
15. Qxd4 Rac8 16. c3 Qc5 17. Qxc5 Rxc5 18. Rfe1 Re8 19. Re3 Rc4 20. Rae1 Rxf4
21. Rxe7 Kf8 22. Rxe8+ Bxe8 23. b3 h5 24. Kf2 {(R)} h4 25. c4 b6 26. Ke3 g5 27.
Be4 Ke7 28. a4 a5 29. Bd3 Bd7 30. Re2 Rf1 31. Kd4+ Kf6 32. Rb2 Rg1 33. Rf2+ Kg7
34. Re2 Kf8 35. Rf2 Rd1 36. Kc3 Re1 37. Bg6 Re7 38. Kd2 Kg7 39. Bc2 Re5 40. b4
f5 41. bxa5 bxa5 42. Rf1 f4 43. Rf3 Kf6 44. Bd1 Re4 45. Rc3 Rd4+ 46. Ke1 Ke5
47. Bf3 Be8 48. Rc2 Rd3 49. c5 dxc5 50. Rxc5 Bxa4 51. Rxa5 Bd7 52. Ke2 Rb3 53.
Ra7 Bb5+ 54. Kf2 Rb1 55. Re7+ Kd6 56. Re6+ Kc5 57. Re1 Rxe1 58. Kxe1 Bc4 59.
Kf2 Bxd5 60. Bxd5 Kxd5 61. Kf3 Ke6 62. Ke2 Ke5 63. Kf2 Kf5 64. Kf3 Kf6 65. Ke2
Ke6 66. Kf2 Ke5 67. Kf3 Kf5 68. Kf2 g4 69. hxg4+ Kxg4 70. Kf1 Kg3 71. Kg1 h3
72. gxh3 Kxh3 73. Kf2 f3 74. Kxf3 1/2-1/2

[Event "Brno CEZ Talent"]
[Site "?"]
[Date "2013.08.28"]
[Round "5"]
[White "Velicka, Petr"]
[Black "Svoboda, Vaclav"]
[Result "1/2-1/2"]
[WhiteElo "2421"]
[BlackElo "2424"]
[PlyCount "77"]

1. Nf3 Nf6 2. c4 e6 3. Nc3 d5 4. d4 Bb4 5. Qa4+ Nc6 6. e3 O-O 7. Bd2 a6 8. a3
Bd6 9. c5 Be7 10. b4 e5 11. b5 exd4 12. exd4 Na7 13. bxa6 bxa6 14. Bd3 Bd7 15.
Qc2 Nb5 16. Ne2 Bg4 17. a4 Bxf3 18. gxf3 Na7 19. Bxa6 Qd7 20. h3 Rfe8 21. Kf1
Nc6 22. Bd3 Na5 23. Bc3 c6 24. Kg2 Bd8 25. Rhb1 Bc7 26. Rb4 Reb8 27. Rbb1 Re8
28. Ng3 g6 29. Bd2 h5 30. Re1 Rxe1 31. Bxe1 Ne8 32. Bxg6 fxg6 33. Qxg6+ Ng7 34.
Bxa5 Bxa5 35. Nxh5 Qf7 36. Nf6+ Kf8 37. Nh7+ Kg8 38. Nf6+ Kf8 39. Nh7+ 1/2-1/2